Biện pháp phát triển đội ngũ giáo viên THCS huyện Tây Giang tỉnh Quảng Nam giai đoạn 2013-2020 đáp ứng chuẩn nghề nghiệp

Cơ sở lý luận về phát triển đội ngũ giáo viên trung học cơ sở; Thực trạng phát triển đội ngũ GV THCS huyện Tây Giang tỉnh Quảng Nam; Các biện pháp phát triển đội ngũ GV THCS huyện Tây Giang tỉnh Quảng Nam giai đoạn 2013-2020 đáp ứng chuẩn nghề nghiệp; ......

ver descrição completa

Na minha lista:
Detalhes bibliográficos
Autor principal: Mai Vũ Xuân Dân
Outros Autores: Nguyễn Bảo Hoàng Thanh PGS.TS (Hướng dẫn)
Formato: Livro
Idioma:Vietnamese
Publicado em: Đà Nẵng Đại học Đà Nẵng 2013
Assuntos:
Tags: Adicionar Tag
Sem tags, seja o primeiro a adicionar uma tag!
Thư viện lưu trữ: Mạng thư viện Đại học Đà Nẵng
LEADER 01869nam a2200349 4500
001 000019402
003 15837
005 20140428140437.0
008 140428s2013 viesd
041 |a vie 
082 1 4 |a 373.1201  |b MA-D 
100 |a Mai Vũ Xuân Dân 
245 |a Biện pháp phát triển đội ngũ giáo viên THCS huyện Tây Giang tỉnh Quảng Nam giai đoạn 2013-2020 đáp ứng chuẩn nghề nghiệp  |c Mai Vũ Xuân Dân ; Nguyễn Bảo Hoàng Thanh hướng dẫn.  |k Luận văn Thạc sĩ 
260 |a Đà Nẵng  |b Đại học Đà Nẵng  |c 2013 
300 |a 118 tr., phụ lục 29 tr.  |c 29 cm.  |e Tóm tắt 
500 |a Luận văn thạc sĩ Quản lý giáo dục. Chuyên ngành: Quản lý giáo dục. Mã số: 60.14.05. 
520 |a Cơ sở lý luận về phát triển đội ngũ giáo viên trung học cơ sở; Thực trạng phát triển đội ngũ GV THCS huyện Tây Giang tỉnh Quảng Nam; Các biện pháp phát triển đội ngũ GV THCS huyện Tây Giang tỉnh Quảng Nam giai đoạn 2013-2020 đáp ứng chuẩn nghề nghiệp; ... 
650 0 4 |a Giáo dục trung học  |v Luận văn tốt nghiệp  |x Giáo viên  |x Nghiên cứu  |z Quảng Nam 
653 |a Giáo dục trung học 
653 |a Giáo viên 
653 |a Quản lý giáo dục 
700 1 |a Nguyễn Bảo Hoàng Thanh  |c PGS.TS  |e Hướng dẫn 
OWN |a LSP 
AVA |a UDN50  |b LSP  |d 373.1201 MA-D  |e available  |t Error 5001 Not defined in file expand_doc_bib_avail.  |f 1  |g 0  |h N  |i 0  |k 1 
999 |a From the UDN01 
AVA |a UDN50  |b LSP  |d 373.1201 MA-D  |e available  |t Error 5001 Not defined in file expand_doc_bib_avail.  |f 1  |g 0  |h N  |i 0  |k 1 
TYP |a Monograph 
TYP |a Printed language 
980 |a Mạng thư viện Đại học Đà Nẵng